[Event "Class Tournaments - HONOUR CLASS #3 (issue 2011)"]
[Site "SchemingMind.com"]
[Date "2011.03.10"]
[Round "-"]
[White "dmichael"]
[Black "Ilang"]
[Result "1-0"]
[WhiteCountry "USA"]
[BlackCountry "HUN"]
[WhiteElo "2584"]
[WhiteRD "99"]
[BlackElo "2380"]
[BlackRD "83"]
[GameID "278117"]

1. d4 d5 2. c4 c6 3. Nf3 Nf6 4. e3 e6 5. Bd3 Nbd7 6. O-O dxc4 7. Bxc4 Bd6 8. Qc2 O-O 9. Nc3 b5 10. Be2 a6
11. e4 e5 12. Be3 Ng4 13. Bg5 f6 14. Bd2 Nxh2 15. Nxh2 exd4 16. Nd1 Nc5 17. g3 Re8 18. Re1 f5 19. Bh5 d3 20. Qc1 Rxe4
21. Rxe4 Nxe4 22. Qxc6 Be6 23. Bf4 Qc8 24. Qxc8+ Rxc8 25. Bxd6 Nxd6 26. Nf1 g6 27. Bf3 Rc2 28. Nfe3 Rd2 29. Kf1 b4 30. Ke1 Ne4
31. a3 b3 32. Rb1 Rc2 33. Bxe4 Re2+ 34. Kf1 fxe4 35. g4 Rc2 36. Nc3 d2 37. Ke2 d1=B+ 38. Kxd1 Rxf2 39. Ke1 Rh2 40. Ncd1 Rh1+
41. Kf2 Kg7 42. Kg2 Re1 43. g5 Bf5 44. Rc1 h5 45. gxh6+ Kxh6 46. Kf2 Rh1 47. Rc6
1-0

[Event "Class Tournaments - HONOUR CLASS #3 (issue 2011)"]
[Site "SchemingMind.com"]
[Date "2011.03.11"]
[Round "-"]
[White "Ilang"]
[Black "dmichael"]
[Result "0-1"]
[WhiteCountry "HUN"]
[BlackCountry "USA"]
[WhiteElo "2380"]
[WhiteRD "83"]
[BlackElo "2584"]
[BlackRD "99"]
[GameID "278118"]

1. e4 c5 2. Nf3 d6 3. d4 cxd4 4. Nxd4 Nf6 5. Nc3 a6 6. Be3 e5 7. Nf3 Be7 8. Bc4 O-O 9. O-O Nc6 10. Re1 Be6
11. Nd5 Bxd5 12. Bxd5 Nb4 13. c4 Nbxd5 14. exd5 b5 15. b3 Qd7 16. Rc1 Rfc8 17. c5 dxc5 18. Bg5 Rd8 19. Rxe5 h6 20. Qe1 Re8
21. Bxf6 Bxf6 22. Rxe8+ Rxe8 23. Qd2 Qd6 24. h3= g6 25. Qc2 Qxd5 26. Qxc5 Qxc5 27. Rxc5 Re2 28. Rc6 Be7 29. Rxa6 Bc5 30. a3 Rxf2
31. b4 Be3 32. Kh2 Rf1 33. Kg3 Kg7 34. Rd6 f5 35. Rd7+ Kf6 36. Rd6+ Kf7 37. Rd3 f4+ 38. Kh2 h5 39. Ng5+ Ke7 40. h4 Bf2
41. Ne4 Bxh4 42. g3 fxg3+ 43. Kg2 Rf5 44. Kh3 g5 45. Nxg3 Bxg3
0-1

[Event "Class Tournaments - HONOUR CLASS #3 (issue 2011)"]
[Site "SchemingMind.com"]
[Date "2011.03.12"]
[Round "-"]
[White "BishopVesey"]
[Black "dmichael"]
[Result "1/2-1/2"]
[WhiteCountry "ENG"]
[BlackCountry "USA"]
[WhiteElo "2394"]
[WhiteRD "80"]
[BlackElo "2507"]
[BlackRD "87"]
[GameID "278129"]

1. e4 e5 2. Nf3 Nc6 3. Bb5 a6 4. Ba4 Nf6 5. O-O Be7 6. Re1 b5 7. Bb3 d6 8. c3 O-O 9. h3 Na5 10. Bc2 c5
11. d4 Qc7 12. Nbd2 cxd4 13. cxd4 Nc6 14. Nb3 a5 15. Be3 a4 16. Nbd2 Bd7 17. Rc1 Qb7 18. Qe2 Rfe8 19. d5 Nb4 20. Bb1 Rec8
21. a3 Na6 22. Bd3 Bd8 23. Nf1 Rxc1 24. Rxc1 Bb6 25. Bg5 Ne8 26. Ng3 Nc5 27. Bc2 Rc8 28. Be3 Rc7 29. Bd1 Qc8 30. Rc2 Qb7
31. Ne1 g6 32. Nd3 Nxd3 33. Rxc7 Qxc7 34. Qxd3 Bxe3 35. Qxe3 Kg7 36. Qg5 Nf6 37. Qd2 Qc4 38. Bc2 h5 39. h4 Qc5 40. Kf1 Kf8
41. f3 Ne8 42. Ne2 f6 43. Bd3 Kf7 44. Qc3 f5 45. Qc2 f4 46. Qc3 Nc7 47. Qa5 Kf6 48. Nc3 g5 49. hxg5+ Kxg5 50. Nd1 h4
51. Ke2 Kg6=
1/2-1/2

[Event "Class Tournaments - HONOUR CLASS #3 (issue 2011)"]
[Site "SchemingMind.com"]
[Date "2011.03.13"]
[Round "-"]
[White "BishopVesey"]
[Black "Ilang"]
[Result "0-1"]
[WhiteCountry "ENG"]
[BlackCountry "HUN"]
[WhiteElo "2350"]
[WhiteRD "80"]
[BlackElo "2380"]
[BlackRD "83"]
[GameID "278130"]

1. d4 d5 2. c4 c6 3. Nf3 Nf6 4. Nc3 e6 5. e3 Nbd7 6. Bd3 dxc4 7. Bxc4 b5 8. Bd3 a6 9. e4 c5 10. d5 Bb7
11. dxe6 fxe6 12. Bc2 c4 13. O-O Qc7 14. Nd4 Nc5 15. Be3 e5 16. Nf5 g6 17. Nh6 Bg7 18. Qf3 Ne6 19. Qh3 Nd4 20. Bd1 Qd7
21. Qg3 O-O-O 22. Bg5 Qe6 23. Ng4 Nh5 24. Qh4 Rd7 25. Nh6 Nf6 26. Bxf6 Bxf6 27. Qg3 Qe7 28. Ng4 Kb8 29. Ne3 Bh4 30. Qh3 Qd8
31. a4 h5 32. axb5 axb5 33. Ned5 Rf8 34. Qe3 Rdf7 35. f3 Qd6 36. b4 Bd8 37. Rf2 g5 38. Raa2 Qg6 39. Kh1 Qg7 40. h3 Rh8
41. Kg1 Rh6 42. Qe1 Ra6 43. Rxa6 Bxa6 44. Rd2 Bb7 45. Qg3 h4 46. Qf2 Bc6 47. Kf1 Rd7 48. Rb2 Ra7 49. Rb1 Ra6 50. Qd2 Qa7
51. Ne3 Ra1 52. Rxa1 Qxa1 53. Ned5 Kb7 54. Qe1 Bxd5 55. exd5 Qb2 56. Ne4 Nf5 57. Qc3 Qxc3 58. Nxc3 Be7 59. Nxb5 Bxb4 60. d6 Bxd6
61. Nxd6+ Nxd6 62. Kf2 Kb6 63. Ke2 Nf5 64. Kf2 Kc5 65. Bc2 Nd4 66. Be4 c3 67. Ke3 Kb4 68. Bd3 Ne6 69. Bc2 Ka3 70. Be4 Kb2
0-1

[Event "Class Tournaments - HONOUR CLASS #3 (issue 2011)"]
[Site "SchemingMind.com"]
[Date "2011.03.12"]
[Round "-"]
[White "dmichael"]
[Black "BishopVesey"]
[Result "1-0"]
[WhiteCountry "USA"]
[BlackCountry "ENG"]
[WhiteElo "2507"]
[WhiteRD "87"]
[BlackElo "2394"]
[BlackRD "80"]
[GameID "278131"]

1. d4 f5 2. g3 Nf6 3. Bg2 d6 4. Nf3 g6 5. O-O Bg7 6. c4 c6 7. Nc3 O-O 8. d5 Bd7 9. Rb1 Na6 10. b4 Qe8
11. dxc6 Bxc6 12. Qb3 Kh8 13. c5 Nc7 14. b5 Be4 15. cxd6 exd6 16. Nxe4 Nxe4 17. Bb2 Qf7 18. Rfd1 Qxb3 19. Bxg7+ Kxg7 20. Rxb3 Ne6
21. Nd4 N6c5 22. Ra3 a6 23. bxa6 Rxa6 24. Rxa6 bxa6 25. Bxe4 fxe4 26. Nb3 Nxb3 27. axb3 Rd8 28. Ra1 Ra8 29. Ra4 d5 30. Ra5 Rb8
31. Rxd5 Rxb3 32. Rd4 e3 33. f4 Rb2 34. Kf1 Ra2 35. Re4 Ra1+ 36. Kg2 Kf6 37. Rxe3 a5 38. Rc3 a4 39. e4 g5 40. Rc6+ Kg7
41. fxg5 Ra2+ 42. Kh3 Re2 43. Rc4 a3 44. Ra4 Kg6 45. Kg4 Rxh2 46. Ra6+ Kf7 47. Rxa3 Re2 48. Kf4 Rf2+ 49. Rf3 Rb2 50. Kf5 Re2
51. e5 Re1 52. Rf4 Re2 53. Re4 Rc2 54. g6+ hxg6+ 55. Kg5 Kg7 56. Rd4 Kf7 57. Rf4+
1-0

[Event "Class Tournaments - HONOUR CLASS #3 (issue 2011)"]
[Site "SchemingMind.com"]
[Date "2011.03.12"]
[Round "-"]
[White "Ilang"]
[Black "BishopVesey"]
[Result "1/2-1/2"]
[WhiteCountry "HUN"]
[BlackCountry "ENG"]
[WhiteElo "2407"]
[WhiteRD "94"]
[BlackElo "2398"]
[BlackRD "83"]
[GameID "278132"]

1. e4 c5 2. Nf3 Nc6 3. d4 cxd4 4. Nxd4 e5 5. Nb5 d6 6. N1c3 a6 7. Na3 b5 8. Nd5 Nf6 9. Bg5 Be7 10. Bxf6 Bxf6
11. c3 Be6 12. Nc2 O-O 13. a4 Ne7 14. Nxf6+ gxf6 15. Bd3 bxa4 16. Rxa4 Rb8 17. Qc1 Ng6 18. g3 d5 19. O-O dxe4 20. Bxe4 f5
21. Bg2 a5 22. Rd1 Qc7 23. Bd5 f4 24. Ne1 Rfe8 25. Bxe6 Rxe6 26. Qc2 e4 27. Rxe4 Rxb2 28. Qxb2 Rxe4 29. Nf3 a4 30. Nd4 Qd7
31. Ra1 Re5 32. Qb4 Kg7 33. Nf3 Rf5 34. Qd4+ Qxd4 35. Nxd4 Ra5 36. Kg2 fxg3 37. hxg3=
1/2-1/2

[Event "Class Tournaments - HONOUR CLASS #3 (issue 2011)"]
[Site "SchemingMind.com"]
[Date "2011.03.12"]
[Round "-"]
[White "thebirdolux"]
[Black "dmichael"]
[Result "1/2-1/2"]
[WhiteCountry "USA"]
[BlackCountry "USA"]
[WhiteElo "2518"]
[WhiteRD "81"]
[BlackElo "2505"]
[BlackRD "93"]
[GameID "278154"]

1. e4 c5 2. Nf3 d6 3. d4 cxd4 4. Nxd4 Nf6 5. Nc3 a6 6. Be3 e5 7. Nb3 Be6 8. Qd2 Nbd7 9. O-O-O b5 10. f3 Be7
11. g4 O-O 12. g5 b4 13. Ne2 Ne8 14. f4 a5 15. Kb1 Nb6 16. Ng3 a4 17. f5 Nc4 18. Bxc4 Bxc4 19. Nc1 f6 20. g6 d5
21. exd5 b3 22. gxh7+ Kxh7 23. axb3 axb3 24. cxb3 Bb5 25. Rhg1 Rf7 26. b4 Ba4 27. b3 Qb8 28. d6 Nxd6 29. Qd5 Be8 30. Bc5 Qc8
31. Rd3 Bb5 32. Rd2 Bc6 33. Qe6 Bd7 34. Qd5 Bxf5+ 35. Nxf5 Qxf5+ 36. Nd3 Qe4 37. Qe6 Qf5 38. Qd5 Qe4 39. Qe6 Bf8 40. Rgg2 Qf5
41. Qd5 Ra6 42. Kb2 Qe4 43. Nf2 Qxd5 44. Rxd5 Rb7 45. Ng4 Rb8 46. Rd3 Nf5 47. Rf3 g6 48. Rd2 Bg7 49. Rd7 e4 50. Rf2 Kg8
51. Re2 Re6 52. Kc1 Nh6 53. Ne3 Nf7 54. Nc4 f5 55. Ra2 Ne5 56. Nxe5 Bxe5 57. b5 Rc8 58. Kd1 Ree8 59. Bb6 Rc3 60. Ra6 e3
61. Ba5 Rxb3=
1/2-1/2

[Event "Class Tournaments - HONOUR CLASS #3 (issue 2011)"]
[Site "SchemingMind.com"]
[Date "2011.03.11"]
[Round "-"]
[White "thebirdolux"]
[Black "Ilang"]
[Result "1-0"]
[WhiteCountry "USA"]
[BlackCountry "HUN"]
[WhiteElo "2477"]
[WhiteRD "73"]
[BlackElo "2380"]
[BlackRD "83"]
[GameID "278155"]

1. d4 d5 2. c4 c6 3. Nc3 e6 4. e3 Nf6 5. Nf3 Nbd7 6. Qc2 Bd6 7. Bd3 dxc4 8. Bxc4 b5 9. Be2 O-O 10. O-O a6
11. a3 Bb7 12. e4 c5 13. e5 cxd4 14. exf6 dxc3 15. fxg7 Kxg7 16. a4 Qf6 17. Bg5 Qg6 18. Qxc3+ f6 19. Rfd1 Bd5 20. Be3 Rfc8
21. Qd4 Bc5 22. Qf4 Bxe3 23. Qxe3 Ne5 24. h3 Nc4 25. Bxc4 bxc4 26. Rd4 h5 27. Nh4 Qg5 28. Qe1 Qe5 29. Qc3 Rab8 30. f4 Qc7
31. Rad1 Qa7 32. Kh2 Qc7 33. Qg3+ Kf8 34. Nf5 Rd8 35. Ne3 Rb3 36. Qf2 Rd3 37. R1xd3 cxd3 38. Rxd3 Be4 39. Rc3 Qd7 40. Qh4 Qf7
41. b4 Qg6 42. Qe1 Qh6 43. Qf2 Qg7 44. b5 axb5 45. axb5 f5 46. Rc1 e5 47. Rc5 Qg6 48. fxe5 Ke8 49. Nc4 h4 50. Nd6+ Rxd6
51. exd6 Qxd6+ 52. Kh1 Kd7 53. Rc1 Qd3 54. b6 Qxh3+ 55. Kg1 Qd3 56. Rc7+ Ke6 57. b7 Qd1+ 58. Qf1 Qd4+ 59. Kh1
1-0

[Event "Class Tournaments - HONOUR CLASS #3 (issue 2011)"]
[Site "SchemingMind.com"]
[Date "2011.03.14"]
[Round "-"]
[White "thebirdolux"]
[Black "BishopVesey"]
[Result "1-0"]
[WhiteCountry "USA"]
[BlackCountry "ENG"]
[WhiteElo "2477"]
[WhiteRD "73"]
[BlackElo "2350"]
[BlackRD "80"]
[GameID "278156"]

1. e4 c5 2. Nf3 d6 3. d4 cxd4 4. Nxd4 Nf6 5. Nc3 Nc6 6. Bg5 e6 7. Qd2 a6 8. O-O-O h6 9. Be3 Be7 10. f3 Nxd4
11. Qxd4 b5 12. Kb1 Bb7 13. h4 d5 14. e5 Nd7 15. Qg4 Qc7 16. f4 g6 17. Ne2 h5 18. Qh3 Rc8 19. Nd4 Nb6 20. Bd3 Nc4
21. Bf2 Qc5 22. Rhf1 Qb4 23. Nb3 Qa4 24. Rfe1 Rc6 25. Re2 Bc8 26. g4 Rc7 27. gxh5 Rxh5 28. Qg2 Rh8 29. h5 Rxh5 30. Bxg6 Rh8
31. Bd3 Bf8 32. f5 Qb4 33. Rh1 Rxh1+ 34. Qxh1 Rc6 35. f6 Nb6 36. Bxb6
1-0

[Event "Class Tournaments - HONOUR CLASS #3 (issue 2011)"]
[Site "SchemingMind.com"]
[Date "2011.03.11"]
[Round "-"]
[White "dmichael"]
[Black "thebirdolux"]
[Result "1/2-1/2"]
[WhiteCountry "USA"]
[BlackCountry "USA"]
[WhiteElo "2559"]
[WhiteRD "96"]
[BlackElo "2499"]
[BlackRD "75"]
[GameID "278157"]

1. d4 d5 2. c4 e6 3. Nc3 c5 4. cxd5 exd5 5. Nf3 Nf6 6. Bg5 Be7 7. dxc5 O-O 8. e3 Be6 9. Bb5 Bxc5 10. O-O Be7
11. Rc1 Nc6 12. Nd4 Nxd4 13. Qxd4 Qa5 14. Rfd1 Rfd8 15. h3 Rac8 16. Qa4 Qb6 17. Bxf6 Bxf6 18. Nxd5 Rxc1 19. Nxf6+ gxf6 20. Rxc1 a6
21. Bc4 Qxb2 22. Rd1 Rxd1+ 23. Qxd1 Bxc4 24. Qg4+ Kf8 25. Qxc4 Qb1+ 26. Kh2 Qb2 27. Qc8+ Kg7 28. Qg4+ Kf8 29. Qf3 Qxa2 30. Qxb7 a5
31. Qc8+ Kg7 32. Qg4+ Kf8 33. Qf4 a4 34. Qxf6 a3 35. Qd6+=
1/2-1/2

[Event "Class Tournaments - HONOUR CLASS #3 (issue 2011)"]
[Site "SchemingMind.com"]
[Date "2011.03.11"]
[Round "-"]
[White "Ilang"]
[Black "thebirdolux"]
[Result "0-1"]
[WhiteCountry "HUN"]
[BlackCountry "USA"]
[WhiteElo "2380"]
[WhiteRD "83"]
[BlackElo "2477"]
[BlackRD "73"]
[GameID "278158"]

1. e4 e5 2. Nf3 Nc6 3. Bb5 a6 4. Ba4 Nf6 5. O-O Be7 6. Re1 b5 7. Bb3 O-O 8. c3 d5 9. exd5 Nxd5 10. Nxe5 Nxe5
11. Rxe5 c6 12. d4 Bd6 13. Re1 Bf5 14. Nd2 Qf6 15. Nf1 Rae8 16. Bd2 Rxe1 17. Qxe1 Qg6 18. Ng3 Bd3 19. a4 h5 20. Nf1 Be4
21. g3 h4 22. Bg5 hxg3 23. Nxg3 Re8 24. Qd2 bxa4 25. Bxa4 f6 26. Bxc6 Bxg3 27. Bxe8 Bxh2+ 28. Kxh2 Qxe8 29. Kg3 Qh5 30. Qd1 Qg6
31. Ra5 fxg5 32. Qg4 Qd6+ 33. f4 gxf4+ 34. Kf2 Qh6 35. Rxd5 Qh2+ 36. Kf1 Qh1+ 37. Ke2 Bxd5 38. Qc8+ Kh7 39. Qf5+ Kh6 40. Qxf4+ g5
41. Qf6+ Kh5 42. Qh8+ Kg4 43. Qxh1 Bxh1 44. Kf2 Bd5 45. Kg1 Kf3 46. Kf1 g4
0-1

[Event "Class Tournaments - HONOUR CLASS #3 (issue 2011)"]
[Site "SchemingMind.com"]
[Date "2011.03.14"]
[Round "-"]
[White "BishopVesey"]
[Black "thebirdolux"]
[Result "1/2-1/2"]
[WhiteCountry "ENG"]
[BlackCountry "USA"]
[WhiteElo "2350"]
[WhiteRD "80"]
[BlackElo "2477"]
[BlackRD "73"]
[GameID "278159"]

1. e4 c5 2. Nf3 Nc6 3. d4 cxd4 4. Nxd4 e5 5. Nb5 d6 6. c4 Be7 7. N1c3 a6 8. Na3 Be6 9. Nc2 Rc8 10. Nd5 Bg5
11. Be2 Bxc1 12. Rxc1 Nge7 13. O-O O-O 14. b3 f5 15. Bf3 f4 16. Qe2 Nb8 17. Rfd1 Nxd5 18. cxd5 Bf7 19. Bg4 Nd7 20. Na3 Rc5
21. Bh3 Qc7 22. Qe1 b5 23. Rxc5 Nxc5 24. b4 Nd7 25. Rc1 Qa7 26. Rc6 Nb8 27. Rc3 Nd7 28. Kf1 Ra8 29. g3 Kh8 30. f3 Be8
31. gxf4 exf4 32. Qf2 Nb6 33. Qd2 Qf7 34. Be6 Qf6 35. Rc7 h6 36. Kg2 Rb8 37. Bg4 Rd8 38. Qc3 Qg5 39. Kf1 Bd7 40. Bxd7 Nxd7
41. Nc2 Qh5 42. Kg2 Ne5 43. Nd4 Rf8 44. Rc8 Qg5+ 45. Kh1 Rxc8 46. Qxc8+ Kh7 47. Ne6 Qh5=
1/2-1/2

[Event "Class Tournaments - HONOUR CLASS #3 (issue 2011)"]
[Site "SchemingMind.com"]
[Date "2011.03.16"]
[Round "-"]
[White "Patjanka"]
[Black "dmichael"]
[Result "1/2-1/2"]
[WhiteCountry "DEN"]
[BlackCountry "USA"]
[WhiteElo "2456"]
[WhiteRD "84"]
[BlackElo "2507"]
[BlackRD "87"]
[GameID "278538"]

1. b3 e5 2. Bb2 Nc6 3. c4 Nf6 4. Nc3 d5 5. cxd5 Nxd5 6. e3 Bf5 7. a3 a6 8. Nf3 Be7 9. Be2 Nxc3 10. Bxc3 Qd6
11. O-O Rd8 12. b4 O-O 13. b5 axb5 14. Bxb5 Bf6 15. Bxc6 bxc6 16. Re1 Be4 17. a4 c5 18. a5 Rfe8 19. h3 Qd5 20. a6=
1/2-1/2

[Event "Class Tournaments - HONOUR CLASS #3 (issue 2011)"]
[Site "SchemingMind.com"]
[Date "2011.03.16"]
[Round "-"]
[White "Patjanka"]
[Black "Ilang"]
[Result "1/2-1/2"]
[WhiteCountry "DEN"]
[BlackCountry "HUN"]
[WhiteElo "2449"]
[WhiteRD "94"]
[BlackElo "2380"]
[BlackRD "83"]
[GameID "278539"]

1. Nf3 d5 2. c4 d4 3. b4 g6 4. Bb2 Bg7 5. g3 e5 6. d3 a6 7. Bg2 Nc6 8. O-O Nge7 9. Qb3 O-O 10. Nbd2 Re8
11. Rfe1 Nf5 12. Ne4 Qe7 13. Ba3 Qd8 14. Nfd2 Nfe7 15. Nc5 Ra7 16. Qa4 Nb8 17. b5 Nd7 18. Ndb3=
1/2-1/2

[Event "Class Tournaments - HONOUR CLASS #3 (issue 2011)"]
[Site "SchemingMind.com"]
[Date "2011.03.18"]
[Round "-"]
[White "Patjanka"]
[Black "thebirdolux"]
[Result "1/2-1/2"]
[WhiteCountry "DEN"]
[BlackCountry "USA"]
[WhiteElo "2456"]
[WhiteRD "84"]
[BlackElo "2502"]
[BlackRD "77"]
[GameID "278540"]

1. b3 Nf6 2. Bb2 b6 3. f4 g6 4. Nf3 Bg7 5. g3 O-O 6. Bg2 d5 7. c4 Bb7 8. O-O c5 9. cxd5 Nxd5 10. Bxg7 Kxg7
11. Nc3 Nc6 12. Rc1 Rc8 13. Nxd5 Qxd5 14. Ne5 Qd4+ 15. e3 Qd6 16. d4 cxd4 17. Nxc6= Bxc6 18. Bxc6 Rxc6 19. Rxc6 Qxc6 20. Qxd4+ f6
21. e4 Rc8=
1/2-1/2

[Event "Class Tournaments - HONOUR CLASS #3 (issue 2011)"]
[Site "SchemingMind.com"]
[Date "2011.03.16"]
[Round "-"]
[White "Patjanka"]
[Black "BishopVesey"]
[Result "1/2-1/2"]
[WhiteCountry "DEN"]
[BlackCountry "ENG"]
[WhiteElo "2406"]
[WhiteRD "78"]
[BlackElo "2412"]
[BlackRD "81"]
[GameID "278541"]

1. b3 d5 2. Bb2 Nf6 3. e3 g6 4. c4 Bg7 5. f4 O-O 6. Nf3 Bf5 7. cxd5 Nxd5 8. Bxg7 Kxg7 9. Be2 Nc6 10. Nc3 Qd6
11. Nxd5 Qxd5 12. O-O f6 13. Rc1 Qd6 14. Nh4 Be4 15. d3 Bd5 16. d4 e5 17. dxe5 fxe5 18. f5 e4 19. g4 Rad8 20. Qc2 Rd7
21. Ng2 Nb4 22. Qd2 g5 23. Rfd1 Kg8 24. Qd4 Qe7 25. a3 Nc6 26. Qc5 Qxc5 27. Rxc5 Ne7 28. h4 h6 29. Kf2=
1/2-1/2

[Event "Class Tournaments - HONOUR CLASS #3 (issue 2011)"]
[Site "SchemingMind.com"]
[Date "2011.03.16"]
[Round "-"]
[White "dmichael"]
[Black "Patjanka"]
[Result "0-1"]
[WhiteCountry "USA"]
[BlackCountry "DEN"]
[WhiteElo "2507"]
[WhiteRD "87"]
[BlackElo "2456"]
[BlackRD "84"]
[GameID "278542"]

1. d4 d5 2. c4 Nc6 3. Nc3 dxc4 4. Nf3 Nf6 5. e4 Bg4 6. Be3 e6 7. Bxc4 Bb4 8. Qc2 O-O 9. Rd1 Qe7 10. Be2 e5
11. d5 Bxc3+ 12. bxc3 Na5 13. O-O b6 14. Rfe1 Nb7 15. h3 Bxf3 16. Bxf3 Qd6 17. c4 Nd7 18. Bg4 Nf6 19. Bf5 g6 20. Bg5 gxf5
0-1

[Event "Class Tournaments - HONOUR CLASS #3 (issue 2011)"]
[Site "SchemingMind.com"]
[Date "2011.03.15"]
[Round "-"]
[White "Ilang"]
[Black "Patjanka"]
[Result "1-0"]
[WhiteCountry "HUN"]
[BlackCountry "DEN"]
[WhiteElo "2432"]
[WhiteRD "88"]
[BlackElo "2406"]
[BlackRD "78"]
[GameID "278543"]

1. e4 e5 2. Nf3 Nc6 3. Bb5 f5 4. Nc3 fxe4 5. Nxe4 d5 6. Nxe5 dxe4 7. Nxc6 Qg5 8. Qe2 Nf6 9. f4 Qxf4 10. Nxa7+ Kd8
11. d4 Qh4+ 12. g3 Qh3 13. Nxc8 Kxc8 14. Bf4 Kb8 15. Be5 Bd6 16. Rf1 h5 17. Bc4 h4 18. O-O-O Qg4 19. Qd2 Rd8 20. Rf4 Qc8
21. Qe1 hxg3 22. hxg3 b6 23. g4 Nxg4 24. Bxd6 Rxd6 25. Qxe4 Nf6 26. Qf3 Ra4 27. Bb3 Ra5 28. d5 Qd7 29. Re1 c6 30. dxc6 Qxc6
31. Qxc6 Rxc6 32. Rd4 Kb7 33. Bc4 Rac5 34. b3 b5 35. Bd3 Kb6 36. a4 bxa4 37. Rxa4 Rd5 38. Kb2 Rcd6 39. Rea1
1-0

[Event "Class Tournaments - HONOUR CLASS #3 (issue 2011)"]
[Site "SchemingMind.com"]
[Date "2011.03.20"]
[Round "-"]
[White "thebirdolux"]
[Black "Patjanka"]
[Result "1-0"]
[WhiteCountry "USA"]
[BlackCountry "DEN"]
[WhiteElo "2502"]
[WhiteRD "81"]
[BlackElo "2406"]
[BlackRD "78"]
[GameID "278544"]

1. e4 e5 2. Nf3 Nc6 3. Bb5 f5 4. Nc3 fxe4 5. Nxe4 d5 6. Nxe5 dxe4 7. Nxc6 Qg5 8. Qe2 Nf6 9. f4 Qxf4 10. Nxa7+ Kd8
11. Nxc8 Kxc8 12. d4 Qh4+ 13. Qf2 Qh5 14. Be2 Qg6 15. O-O Bd6 16. Qf5+ Qxf5 17. Rxf5 Kd7 18. Bh6 Rhg8 19. Raf1 Be7 20. Bc1 c6
21. a3 b5 22. g4 h6 23. h4
1-0

[Event "Class Tournaments - HONOUR CLASS #3 (issue 2011)"]
[Site "SchemingMind.com"]
[Date "2011.03.16"]
[Round "-"]
[White "BishopVesey"]
[Black "Patjanka"]
[Result "1-0"]
[WhiteCountry "ENG"]
[BlackCountry "DEN"]
[WhiteElo "2412"]
[WhiteRD "81"]
[BlackElo "2406"]
[BlackRD "78"]
[GameID "278545"]

1. d4 d5 2. c4 Nc6 3. Nf3 Bg4 4. Nc3 e6 5. cxd5 exd5 6. Bf4 Nf6 7. e3 Bb4 8. Be2 Ne4 9. Qc2 O-O 10. O-O Re8
11. h3 Bf5 12. Bd3 Ba5 13. a3 Bxc3 14. bxc3 Na5 15. Ne5 f6 16. f3 fxe5 17. dxe5 g5 18. Bh2 Nd2 19. Bxf5 Nxf1 20. Bxh7+ Kh8
21. Rxf1 Nc4 22. Qd3 Nxe5 23. Qd4 Qe7 24. Bc2 Qg7 25. Qxd5 c6 26. Qe4 Nf7 27. Qb4 b6 28. Bb3 Rad8 29. Qg4 Kg8 30. Bc7 Rd2
31. e4 Re7 32. Bg3 Kh7 33. h4 Qxc3 34. Qh5+
1-0

[Event "Class Tournaments - HONOUR CLASS #3 (issue 2011)"]
[Site "SchemingMind.com"]
[Date "2011.04.04"]
[Round "-"]
[White "James Bradner"]
[Black "dmichael"]
[Result "1/2-1/2"]
[WhiteCountry "ENG"]
[BlackCountry "USA"]
[WhiteElo "2385"]
[WhiteRD "80"]
[BlackElo "2507"]
[BlackRD "87"]
[GameID "279503"]

1. d4 d5 2. c4 c6 3. Nf3 Nf6 4. e3 e6 5. Bd3 Nbd7 6. O-O Bd6 7. Nbd2 O-O 8. Re1 c5 9. e4 dxe4 10. Nxe4 Nxe4
11. Bxe4 Qc7 12. Bc2 Rd8 13. Qe2 Nf8 14. dxc5 Bxc5 15. Be4 Bd7 16. Bd2 Bc6 17. Bxc6 Qxc6 18. h4 Bd4 19. Rab1 Qa6 20. Qe4 Qxc4
21. Bc3 f5 22. Qxb7 Rdb8 23. Qe7 Bxc3 24. bxc3 Rxb1 25. Rxb1 Qxa2 26. Rb7 Qa1+ 27. Kh2 Qxc3 28. Qf7+ Kh8 29. Rxa7 Rb8 30. g3 h6
31. Kg2 Rd8 32. Ra4 Qf6 33. Qc7 Kg8 34. Ne5 h5 35. Rb4 Ra8 36. Rb3 Ng6 37. Qc6 Rd8 38. Nd7 Qe7 39. Rb7 Qe8 40. Qb6 Rc8
41. Qa5 Kh8 42. Ra7 Ne7 43. Rb7 Nc6 44. Qc5 Kg8 45. Nb6 Rd8 46. Nc4 Kh7 47. Rc7 Nd4=
1/2-1/2

[Event "Class Tournaments - HONOUR CLASS #3 (issue 2011)"]
[Site "SchemingMind.com"]
[Date "2011.04.04"]
[Round "-"]
[White "James Bradner"]
[Black "Ilang"]
[Result "1/2-1/2"]
[WhiteCountry "ENG"]
[BlackCountry "HUN"]
[WhiteElo "2320"]
[WhiteRD "73"]
[BlackElo "2407"]
[BlackRD "94"]
[GameID "279504"]

1. d4 d5 2. c4 c6 3. Nf3 Nf6 4. Nc3 e6 5. e3 Nbd7 6. Be2 Bd6 7. O-O O-O 8. c5 Bc7 9. b4 e5 10. b5 exd4
11. Nxd4 Ne4 12. Nxe4 dxe4 13. Qc2 Qg5 14. bxc6 bxc6 15. Qxe4 Nxc5 16. Qf3 Qe5 17. g3 Bh3 18. Ba3 Bxf1 19. Rxf1 Bd6 20. Nxc6 Qe6
21. Rd1 Ne4 22. Bxd6 Nxd6 23. Qf4 Ne4 24. Nd4 Qd5 25. Nf5 Qe6 26. Rd4 Nf6 27. Bc4 Qb6 28. Qg5 g6 29. Nd6 Kg7 30. g4 Rad8
31. Qe5 h6 32. Bb3 Qc6 33. Ba4 Qa6= 34. h4 Rxd6 35. Rxd6 Qxa4 36. Qxf6+ Kh7 37. Qf4 Qxf4 38. exf4 Kg7 39. Ra6 Rc8 40. Rxa7 Rc4
41. Kg2 Rxf4 42. f3 Rc4 43. Kg3 Kf6 44. g5+ hxg5 45. Ra6+ Kf5 46. Ra5+=
1/2-1/2

[Event "Class Tournaments - HONOUR CLASS #3 (issue 2011)"]
[Site "SchemingMind.com"]
[Date "2011.04.04"]
[Round "-"]
[White "James Bradner"]
[Black "thebirdolux"]
[Result "1/2-1/2"]
[WhiteCountry "ENG"]
[BlackCountry "USA"]
[WhiteElo "2353"]
[WhiteRD "74"]
[BlackElo "2477"]
[BlackRD "73"]
[GameID "279505"]

1. d4 Nf6 2. c4 e6 3. Nf3 b6 4. g3 Ba6 5. b3 Bb4+ 6. Bd2 Be7 7. Bg2 c6 8. Bc3 d5 9. Nbd2 Nbd7 10. e4 Nxe4
11. Nxe4 dxe4 12. Ne5 Nxe5 13. dxe5 b5 14. Bxe4 Qb6 15. O-O Rd8 16. Qe1 b4 17. Bd2 O-O 18. Be3 Qc7 19. f4 Bb7 20. Qf2 c5
21. Bxb7 Qxb7 22. Bxc5 Bxc5 23. Qxc5 Rd2 24. Rf2=
1/2-1/2

[Event "Class Tournaments - HONOUR CLASS #3 (issue 2011)"]
[Site "SchemingMind.com"]
[Date "2011.04.04"]
[Round "-"]
[White "James Bradner"]
[Black "Patjanka"]
[Result "1/2-1/2"]
[WhiteCountry "ENG"]
[BlackCountry "DEN"]
[WhiteElo "2401"]
[WhiteRD "78"]
[BlackElo "2406"]
[BlackRD "78"]
[GameID "279506"]

1. d4 d5 2. c4 e6 3. Nf3 c6 4. Nc3 dxc4 5. a4 Bb4 6. e3 b5 7. Bd2 a5 8. axb5 Bxc3 9. Bxc3 cxb5 10. b3 Bb7
11. Bb2 Nf6 12. bxc4 b4 13. Bd3 Nbd7 14. Nd2 O-O 15. O-O Nc5 16. Bc2 Nce4 17. f3 Nxd2 18. Qxd2 Qc7 19. Rfc1= Rfd8 20. Qd3 h6
21. d5 exd5 22. Bxf6 gxf6 23. Qh7+ Kf8 24. cxd5 Qd6 25. Bb3 a4 26. Qxh6+ Ke7 27. Rxa4 Rxa4 28. Bxa4 Bxd5 29. e4 Be6 30. Qe3 Ra8
31. Rd1 Qc7=
1/2-1/2

[Event "Class Tournaments - HONOUR CLASS #3 (issue 2011)"]
[Site "SchemingMind.com"]
[Date "2011.04.04"]
[Round "-"]
[White "James Bradner"]
[Black "BishopVesey"]
[Result "1-0"]
[WhiteCountry "ENG"]
[BlackCountry "ENG"]
[WhiteElo "2353"]
[WhiteRD "74"]
[BlackElo "2350"]
[BlackRD "80"]
[GameID "279507"]

1. d4 d5 2. c4 c6 3. Nf3 Nf6 4. Nc3 e6 5. e3 Nbd7 6. Qc2 b6 7. Bd3 dxc4 8. Bxc4 Bd6 9. O-O O-O 10. e4 e5
11. h3 Bb7 12. Re1 Qc7 13. Be3 a6 14. Rad1 Rae8 15. a3 exd4 16. Nxd4 b5 17. Ba2 c5 18. Nf5 Be5 19. Nd5 Bxd5 20. exd5 Bh2+
21. Kf1 Bd6 22. Qd2 Ne4 23. Qc1 Re5 24. Nxd6 Nxd6 25. Bb1 c4 26. Qc2 g6 27. Bf4 Rxe1+ 28. Rxe1 Qc5 29. b4 Qb6 30. Qc3 Re8
31. g4 Nf8 32. Qf6 Rxe1+ 33. Kxe1 Nc8 34. Qxb6 Nxb6 35. Be4 f5 36. gxf5 gxf5 37. Bxf5 Nxd5 38. Bd6 Kf7 39. Bxf8 Kxf8 40. Bxh7 Nf6
41. Bf5 Nd5 42. Be4 Nc7 43. Kd2 Kf7 44. f4 Kg7 45. Bb7 Kf6 46. Ke3 Kg6 47. h4 Kg7 48. Kd4 Ne6+ 49. Ke5
1-0